00520nam a2200193 a 4500001001300000003000900013005001700022008004100039020002200080082001900102100001900121245002800140260004900168300000900217500003500226505002400261650002200285700001900307nice12345678IN_TiNIC20260116015039.0050524s1984 newa grp 000 0 eng  a8123748 c4000a500.80297bMAN aManivasakam, N aEnvironmental Pollution aNew DelhibNational Book Trust, India c1984 a160p aincludes index and biblioraphy2 aBibliography, Index aQuran and Science1 aManivasakam, N